000 00552cam a2200205ua 4500
001 10029
005 20260515114545.0
008 170321n ii |||gr||||Z||||||eng
020 _a8123745753
040 _cMAIN
041 _aeng
082 _a617.11
100 _aLal, Kalpana Sood,
_eAuthor.
245 _aPrevention of burns :
_ba handbook on preventionof burn injuries /
_cBy Kalpana Sood Lal .
250 _a1st ed.
260 _aNew Delhi:
_bNBT,
_c2005.
300 _a75p.
653 _aSurgery & related medical specialties
942 _cBK
999 _c9020
_d9020